000 00370nam a2200109Ia 4500
008 171204s9999 xx 000 0 und d
245 3 _aAn Introduction to SAGE Programming: With Applications to SAGE Interacts for Numerical Methods:
245 _cRazvan A. Mezei
260 _c2015
650 _xProgramming 1-2
856 _uhttp://down.ebook777.com/031/9781119122784.pdf
999 _c345926
_d345926